Κατάλογος Βιβλιοθηκών Mediterranean College

Στρατηγική των Επιχειρήσεων / Ελληνική και Διεθνής Εμπειρία Τόμος Α': Θεωρία (Record no. 2776)

MARC details
000 -LEADER
fixed length control field 01987cam a22001934a 4500
005 - ΗΜΕΡΟΜΗΝΙΑ ΚΑΙ ΩΡΑ ΤΕΛΕΥΤΑΙΑΣ ΕΝΗΜΕΡΩΣΗΣ
Πεδίο ελέγχου 20250827124629.0
008 - FIXED-LENGTH DATA ELEMENTS--GENERAL INFORMATION
Πεδίο ελέγχου σταθερού μήκους 250528s ||||||||||||||||||||||||d
035 ## - SYSTEM CONTROL NUMBER
System control number 17350
020 ## - ISBN
ISBN 9603590916
040 ## - ΠΗΓΗ ΚΑΤΑΛΟΓΟΓΡΑΦΗΣΗΣ
Φορέας πρωτότυπης καταλογογράφησης MC Athens Campus Library
Γλώσσα καταλογογράφησης Ελληνικά, Μοντέρνα (1453-)
Modifying agency MC Athens Campus Library
Κανόνες περιγραφικής καταλογογράφησης AACR2
245 1# - ΤΙΤΛΟΣ ΚΑΙ ΔΗΛΩΣΗ ΥΠΕΥΘΥΝΟΤΗΤΑΣ
Τίτλος Στρατηγική των Επιχειρήσεων / Ελληνική και Διεθνής Εμπειρία Τόμος Α': Θεωρία
260 ## - PUBLICATION, DISTRIBUTION, ETC.
Name of publisher, distributor, etc. Ε. Μπένου,
Date of publication, distribution, etc. 2002
300 ## - PHYSICAL DESCRIPTION
Extent 608
520 ## - SUMMARY, ETC.
Summary, etc. Το βιβλίο αυτό πρέπει να γίνει απαραίτητο βοήθημα για όλους τους φοιτητές και στελέχη επιχειρήσεων που ενδιαφέρονται για τη στρατηγική. Εισροές για Εκκίνηση Στρατηγικής Σκέψης, Τι είναι Στρατηγική, Στρατηγική Ανάλυση του Εξωτερικού και Εσωτερικού Περιβάλλοντος, Εταιρική Αποστολή - Όραμα, Οι Τρεις Βασικές Θεωρήσεις της Στρατηγικής, Διαμόρφωση και Είδος Στρατηγικής, Επιχειρηματική Στρατηγική Ανάπτυξης (Corporate Growth Strategy), Επιχειρηματική Στρατηγική Διάσωσης/ Αναστροφής (Corporate Turnaround/ Retrenchment Strategy), Στρατηγικές Επίτευξης Ανταγωνιστικού Πλεονεκτήματος, Στρατηγική Διεθνοποίησης, Τρόποι Υλοποίησης Στρατηγικής, Στρατηγικές Συμμαχίες: Διεθνής και Ελληνική Εμπειρία, Αξιολόγηση και Επιλογή και Υλοποίηση Στρατηγικής, Λήψη Στρατηγικών Αποφάσεων, Βιβλιογραφία.
700 1# - ΠΡΟΣΘΕΤΗ ΑΝΑΓΡΑΦΗ--ΦΥΣΙΚΟ ΠΡΟΣΩΠΟ
Personal name Παπαδάκης, Βασίλης Μ.
9 (RLIN) 3508
942 ## - ADDED ENTRY ELEMENTS (KOHA)
Koha item type Books
Holdings
Τύπος τεκμηρίου Βιβλιοθήκη Τρέχουσα τοποθεσία Barcode Αριθμός εισαγωγής Ημερομηνία απόκτησης Ταξιθετικό σύμβολο Αριθμός αντιτύπου Κατάσταση απόσυρσης Κατάσταση χαμένου Κατάσταση κατεστραμμένου Μη δανεισμός Σύνολο δανεισμών Ημερομηνία τελευταίας εμφάνισης Η τιμή ισχύει από
Books MC Athens Campus Library MC Athens Campus Library 9780000027757 1029 05/06/2025 658.4012 PAP V.A 3           05/06/2025 05/06/2025

MC Athens Campus Library
Πατησίων 94 & Κοδριγκτώνος 13, 104 34
Πελλήνης 8 & Πατησίων 107, 112 51
Τ: +30 210 8899600

MC Thessaloniki Campus Library
Ίωνος Δραγούμη 21, 54625 | Ίωνος Δραγούμη 15, 54625
Τ: +30 2310 287779 – Τ: +30 2314 440300